The Dow Jones-Irwin handbook of telecommunications (Record no. 7313)

MARC details
000 -LEADER
fixed length control field 00760 a2200157 4500
020 ## - INTERNATIONAL STANDARD BOOK NUMBER
ISBN 0870946617
020 ## - INTERNATIONAL STANDARD BOOK NUMBER
ISBN 9780870946615
050 ## - CALL NUMBER
Classification number TK5101
Item number .G723
100 ## - AUTHOR
Personal name Green, James Harry
245 ## - TITLE
Title The Dow Jones-Irwin handbook of telecommunications
Statement of responsibility, etc James Harry Green.
260 ## - PUBLICATION INFORMATION
Place of publication Homewood, Ill. :
Name of publisher Dow Jones-Irwin,
Year of publication ©1986.
300 ## - DESCRIPTION
Number of Pages xxix, 715 pages :
Other physical details illustrations ;
Dimensions 24 cm.
505 ## - FORMATTED CONTENTS NOTE
Table of Content 1. Introduction to telecommunications<br/>2. Transmission concepts<br/>3. Data communications systems<br/>4.Pulse code modulation and digital carrier<br/>5. Frequency division multiplex<br/>6. Station equipment<br/>7. Outside plant<br/>8. Signaling systems<br/>9. Circuit switched network systems<br/>10. Local switching systems
650 ## - SUBJECTS
Topical Term Telecommunication.
942 ## - ADDED ENTRY ELEMENTS (KOHA)
Koha item type Books
Holdings
Withdrawn status Lost status Collection code Home library Current library Shelving location Date acquired Full call number Accession Number Koha item type
    Reference Methodist University Library Main Methodist University Library Main General Stacks   TK5101 .G723 31922 Books
Copyright © 2026  MUG Library